000 00571cam a2200205 4500
001 D1126
008 090401t1969 xxu||||| |||| 00| 0 eng d
035 _a(Sirsi) u62607
041 _aeng
050 _a692.5
100 _aAtton, W.
245 _aEstimating applied to building
250 _aMetric
260 _aLondon
_bGeorge Godwin for the Builder
_c1969
300 _avii. 296p. 23cm
350 _a2.5
520 _aIn accordance with the Standard Method of Measurement of Building Works, Metric, 5th edition July 1968
942 _n0
948 _c04/03/1997
999 _c94453
_d94453